Nórsky plyn do strednej Európy
Podiel Nórska na zásobách zemného plynu a zásobovaní plynom v západnej Európe. Úsilie o diverzifikáciu dodávateľov zemného plynu z hľadiska bezpečnosti a spoľahlivosti dodávok.
Salvato in:
| Natura: | Capitolo di libro |
|---|---|
| Lingua: | slovacco |
| Soggetti: | |
| Tags: |
Nessun Tag, puoi essere il primo ad aggiungerne!!
|
MARC
| LEADER | 00000naa a2200000 4500 | ||
|---|---|---|---|
| 001 | r020262 | ||
| 005 | 20230801103422.1 | ||
| 041 | 0 | |a slo | |
| 044 | |a SK | ||
| 245 | 1 | 0 | |a Nórsky plyn do strednej Európy |
| 520 | |a Podiel Nórska na zásobách zemného plynu a zásobovaní plynom v západnej Európe. Úsilie o diverzifikáciu dodávateľov zemného plynu z hľadiska bezpečnosti a spoľahlivosti dodávok. | ||
| 610 | 2 | 0 | |a Nórsko |
| 610 | 2 | 0 | |a Slovensko |
| 610 | 2 | 0 | |a plyn |
| 610 | 2 | 0 | |a plynovody |
| 610 | 2 | 0 | |a zdroje energetické |
| 610 | 2 | 0 | |a Severné more |
| 610 | 2 | 0 | |a stredná Európa |
| 610 | 2 | 0 | |a západná Európa |